World Economic Survey 1986 Current Trends and Policies in the World Economy

Na minha lista:
Detalhes bibliográficos
Formato: Livro
Idioma:inglês
Publicado em: New York United Nations 1986
Edição:1. ed.
Tags: Adicionar Tag
Sem tags, seja o primeiro a adicionar uma tag!

MARC

LEADER 00000nam a2200000 4500
001 c036623
005 20221220073331.2
041 0 |a eng 
044 |a US 
245 1 0 |a World Economic Survey 1986  |b Current Trends and Policies in the World Economy 
250 |a 1. ed. 
264 1 |a New York  |b United Nations  |c 1986 
300 |a 177 s.